000 01033nam a2200277 i 4500
001 6575
003 ES-MaACL
005 20250630032851.0
007 t|
008 900115s1974 sp |||| | spa d
020 _a84-500-0296-6 (O.C.)
080 _a332(46)"1874/1902"
080 _a338(46)"1874/1902"
245 0 3 _aLa banca española en la Restauración /
_cpor Rafael Anes ... [et al.] ; dirigido por Gabriel Tortella Casares ; edición y revisión a cargo de Pedro Schwartz.
260 _aMadrid :
_bServicio de Estudios del Banco de España,
_c1974.
300 _a2 v. ;
_c24 cm.
505 8 _aContiene: I ;
_tPolíticas y finanzas - II ;
_tDatos para una historia económica
650 1 4 _aBancos-
_zEspaña-
_yS.XIX.
_910490
650 4 _aBancos-
_zEspaña-
_yS.XX.
_9167658
700 1 _aAnes Alvarez, Rafael.
_921690
700 1 _aTortella Casares, Gabriel.
_9111078
700 1 _aSchwartz, Pedro.
_9104874
710 2 _aBanco de España
_92104
852 _aES-MaACL
_jL-13754-55
999 _c6575
_d6575